| 000 | 02115nam a2200457 c 4500 | ||
|---|---|---|---|
| 003 | BLK | ||
| 005 | 20180420224632.0 | ||
| 008 | 180408b bul|||||r ||||||| ||bul|| | ||
| 010 | _aKNG00086400000 | ||
| 020 |
_a978-954-792-243-3 _bиздат.: СКОРПИО ви |
||
| 040 | _aBLK | ||
| 041 |
_aBUL _cBUL |
||
| 072 | 7 |
_2bullib _aЛ05 _xДруги методи |
|
| 080 |
_aФармация. Фармакология. Обща терапия. Токсикология. Интензивна терапия _b615 _x(02.062) _z615(02.062) |
||
| 080 |
_aЗдраве и болест. Самолечение(самооздравяване)на организма чрез защитния механизъм на организма. Експериментално предизвикване на болести _b616-092.11/.19 _x(02.062) _z616-092.11/.19(02.062) |
||
| 080 |
_aХигиена. Лично здраве. Вж и 614 ; 616-083 _b613 _x(02.062) _z613(02.062) |
||
| 700 | 1 |
_aУейл, Ендрю _e* _9292955 |
|
| 100 | 1 |
_aУейл, Андрю _eпърви автор _9292956 |
|
| 700 | 1 |
_aХаджиева, Пиринка _eпрев. _9300291 |
|
| 139 |
_aУейл, Ендрю _bУ 28 |
||
| 245 | 1 | 0 |
_aСпонтанно изцеление _c* Ендрю Уейл; Андрю Уейл; прев. Пиринка Хаджиева. |
| 250 | _a2. изд. | ||
| 257 | _aUSA | ||
| 260 |
_аСофия _bСКОРПИО ви _c2007 |
||
| 300 |
_a360 с. _bс 1 портр. _c24 см |
||
| 380 | _a61 | ||
| 490 | 1 | _aПоредица Здраве, дълголетие, естествено оздравяване | |
| 500 | _aОриг. загл. Spontaneous healing / Andrew Weil. - 1. изд. 2002 на изд. Прозорец. | ||
| 650 | 4 |
_aТерапия - нетрадиционни методи _9263384 |
|
| 650 | 4 |
_aБолести _9148951 |
|
| 650 | 4 |
_aХигиена _9176430 |
|
| 653 | _aтерапия | ||
| 653 | _aболести | ||
| 653 | _aхигиена | ||
| 659 | _aЛ | ||
| 852 | _aЦб 241841 | ||
| 856 | 4 |
_qpdf _u |
|
| 856 | 4 |
_qpdf _u |
|
| 942 |
_cKNG _n0 |
||
| 944 |
_aCR _c12.11.2008 _kИрена_Линкова |
||
| 944 |
_aED _c16.11.2011 _k |
||
| 999 |
_c81880 _d81880 |
||